000 00557nam a2200169Ia 4500
003 GCL
008 140319s9999 xx 000 0 ara d
040 _aGCL /
_cGCL
082 0 4 _a811.094
_bح و
100 1 _aحمدى منصور
245 1 0 _aالولد ع 0 م (هدية من الاديب عبدالفتاح الجمل) /
_cحمدى منصور
300 _a31 ص
490 _aسلسلة غناب رباب غير الدورى
_v0
650 0 4 _aالادب العربى
650 0 4 _aالشعر العربى - العصر الحديث
942 _2ddc
_cBK
999 _c47441
_d47441